|
|
|
|
| LEADER |
01110nam a2200313 a 4500 |
| 001 |
6110 |
| 003 |
BD-DhAAL |
| 005 |
20150713111039.0 |
| 008 |
150713s1998 nyu 000 1 eng |
| 010 |
|
|
|a 98004494
|
| 020 |
|
|
|a 0380790300
|
| 020 |
|
|
|a 0380974258 (hardcover)
|
| 040 |
|
|
|a DLC
|c DLC
|d DLC
|d OCoLC
|d DLC
|d BD-DhAAL
|
| 050 |
0 |
0 |
|a PS3554.O75
|b S5 1998
|
| 082 |
0 |
0 |
|a 813/.54
|2 21
|
| 100 |
1 |
|
|a Doss, James D.
|9 13212
|
| 245 |
1 |
4 |
|a The Shaman's game :
|b a mystery /
|c James D. Doss.
|
| 260 |
|
|
|a New York, N.Y. :
|b Avon Twilight,
|c c1998.
|
| 300 |
|
|
|a 343 p. ;
|c 18 cm.
|
| 541 |
|
|
|e 6110
|
| 650 |
|
0 |
|a Moon, Charlie (Fictitious character : Doss)
|x Fiction.
|9 13213
|
| 650 |
|
0 |
|a Police
|z Colorado
|x Fiction.
|9 13214
|
| 650 |
|
0 |
|a Police chiefs
|x Fiction.
|9 13215
|
| 650 |
|
0 |
|a Ute Indians
|x Fiction.
|9 13216
|
| 651 |
|
0 |
|a Colorado
|x Fiction.
|9 13217
|
| 655 |
|
7 |
|a Detective and mystery stories.
|2 gsafd
|9 6854
|
| 942 |
|
|
|2 ddc
|c BK
|
| 999 |
|
|
|c 35063
|d 35063
|
| 952 |
|
|
|0 0
|1 0
|2 ddc
|4 0
|6 813_540000000000000_DOS
|7 0
|9 54948
|a SCL
|b SCL
|c GEN
|d 2015-07-13
|l 9
|m 35
|o 813.54 DOS
|p 3020006110
|r 2020-03-04
|s 2020-01-16
|t 1
|w 2015-07-13
|y BK
|